000 00759nam a2200241Ia 4500
003 OSt
005 20220926003339.0
006 a|||||r|||| 00| 0
007 ta
008 220923b |||||||| |||| 00| 0 eng d
020 _a9780198083986
_c845.75
037 _bIN565, 20/03/2014, Bharatiya Sahitya Bhavana
_cGeneral Book
040 _aRTL
_cRTL
_beng
041 _2eng
_aeng
082 _aY:393.2, Q3
100 _aSUNDARAM Ravi
_9290078
245 0 _aNo limits
_bMedia studies from India.
260 _a New Delhi
_bOxford University Press
_c2013
300 _axv,422p.
_ccm.
650 _aSociology
942 _hY:393.2, Q3
_cGB
_2CC
999 _c607599
_d607599